000 00531nam a2200193Ia 4500
005 20230102094600.0
008 131103s9999 xx 000 0 und d
040 _aLoreto College
041 _aEnglish
082 _a822.09
_bBRU
100 _aBrustein, Robert
245 _aSeasons of discontent
_b dramatic opinions 1959-1965
_cby Robert Brustein
260 _aNew York
_bSimon and Schuster
_c1965
300 _a322p.
504 _aIncludes index
650 _aEnglish drama - criticism
850 _aLCLIB
942 _cBK
999 _c22628
_d73107